| 000 | 00653nam a2200169 a 4500 | ||
|---|---|---|---|
| 008 | 181003s1995 ||||||||||||||||| || u | ||
| 020 | _a9781898563082 | ||
| 050 | _aTD 795.4 Wes | ||
| 100 | _aWestlake, Kenneth | ||
| 245 | 1 | 0 |
_aLandfill waste pollution and control _cBy Kenneth Westlake |
| 260 |
_aOxford _bWoodhead Publishing Ltd _c1995 |
||
| 300 | _a144p.: ill. | ||
| 350 | _a62.15 | ||
| 650 | _aSANITARY LANDFILLS--MANAGEMENT | ||
| 650 | _aSANITARY LANDFILLS--ENVIRONMENTAL ASPECTS | ||
| 995 |
_FCBU-MAIN LIBRARY (Kitwe) _I62.15 _M1 _UAVAILABLE _WOct 22, 2018 _ZMain Library Open Access Collection |
||
| 999 |
_c48848 _d48848 |
||